00945nam a2200265Ia 450000500170000000800390001702000150005608200140007110000260008524501040011125000220021530000400023750000470027750400460032465000240037065000330039465000320042765000420045970000250050126400300052633600270055633700330058333800280061604000350064420220317000515.0160601s1999 mx a g 000 0 spa a958682148X04a628bS15i1 aSans Fonfria, Ramón10aIngeniería ambientalbcontaminación y tratamientoscRamón Sans Fonfría, Joan de Pablo Ribas aPrimera edición a148 páginasbilustracionesc24 cm aIncluye datos biográficos de los autores aIncluye bibliografía al final del texto142LEMBaContaminantes142LEMBaIngeniería ambiental142LEMBaSaneamiento ambiental142LEMBaTratamiento de aguas residuales1 aRibas, Joan de Pablo aMéxicobAlfaomegac1999 atextobtxt2rdacontent asin mediaciónbn2rdamedia avolumenbnc2rdacarrier aCO-BoRNBPbspaerdacCO-BoRNBP